书目信息 |
| 题名: |
电子技术在农村的应用
|
|
| 作者: | 北京师范学院物理系《电子技术在农村的应用》编写组 编 | |
| 分册: | ||
| 出版信息: | 北京 人民教育出版社 1977 |
|
| 页数: | 250页 | |
| 开本: | 19cm | |
| 丛书名: | 农村科学实验丛书 | |
| 单 册: | ||
| 中图分类: | S126 | |
| 科图分类: | ||
| 主题词: | 电子技术-应用-农业 , 农业-电子技术-应用 | |
| 电子资源: | ||
| ISBN: | ||
| 000 | 00948nam2 2200253 45 | |
| 001 | 0175002714 | |
| 005 | 20060522151343.98 | |
| 010 | @dCNY0.51 | |
| 100 | @a19951012d1977 em y0chiy0121 ea | |
| 101 | 0 | @achi |
| 102 | @aCN@b110000 | |
| 105 | @ay z 000yy | |
| 200 | 10 | @a电子技术在农村的应用@Adian zi ji shu zai nong cun de ying yong@f北京师范学院物理系《电子技术在农村的应用》编写组编@Fbei jing shi fan xue yuan wu li xi《dian zi ji shu zai nong cun de ying yong》bian xie zu bian |
| 210 | @a北京@c人民教育出版社@d1977 | |
| 215 | @a250页@d19cm | |
| 225 | 2 | @a农村科学实验丛书 |
| 410 | 0 | @12001 @a农村科学实验丛书 |
| 606 | @a电子技术-应用-农业 | |
| 606 | @a农业-电子技术-应用 | |
| 690 | @aS126@v3 | |
| 701 | 0 | @a北京师范学院物理系《电子技术在农村的应用》编写组@Abei jing shi fan xue yuan wu li xi《dian zi ji shu zai nong cun de ying yong》bian xie zu@4编 |
| 801 | 2 | @aCN@bNLC@c20060522 |
| 801 | 0 | @aCN@bTSSF |
| 905 | @a10447@dS126@e1 | |
| 电子技术在农村的应用/北京师范学院物理系《电子技术在农村的应用》编写组编.-北京:人民教育出版社,1977 |
| 250页;19cm.-(农村科学实验丛书) |
| ISBN :CNY0.51 |
| ● |
| 相关链接 |
|
|
|
|
正题名:电子技术在农村的应用
索取号:S126/1
 
预约/预借
| 序号 | 登录号 | 条形码 | 馆藏地/架位号 | 状态 | 备注 |
| 1 | 0003132 | 202362674 | 密集书库/ [索取号:S126/1] | 在馆 | |
| 2 | 0003135 | 202362718 | 密集书库/ [索取号:S126/1] | 在馆 |